000 01359nam a2200313 i 4500
003 EG-GICUC
005 20260210173737.0
008 260210s1963 ua ||||fr|||| 000 0 ara d
040 _a EG-GICUC
_bara
_c EG-GICUC
_d EG-GICUC
_erda
041 _aara
082 0 4 _a343.3
_bر ء . م
_221
092 0 4 _221
099 _aLaw1 10 343.3 ر ء . م 1963 1006575
100 0 _aرؤوف عبيد.
_eمؤلف.
245 1 2 _aالمشكلات العلمية الهامة في الإجراءات الجنائية.
_nالجزء الثاني,
_pدراسات في الطعن في الأحكام وأوامر الإحالة /
_cالدكتور رؤوف عبيد.
250 _bمزيدة و منقحة في ضوء آخر التعديلات و أحدث الأحكام
264 1 _aالقاهرة :
_bدار الفكر العربي,
_c1963.
300 _a676 صفحة ؛
_c24 سم
_bإيضاحيات، صور، مثيليات ؛
336 _2rda content
_atext
337 _2rda media
_aComputer
338 _2rda carrier
_aOnline Resource
504 _aيشتمل على ارجاعات ببليوجرافية.
546 _aالنص باللغة العربية
650 1 4 _a قانون الإجراءات الجنائية
_2qrmak
651 1 _2qrmak
856 4 0 _uhttps://fll.law.cu.edu.eg/fulltext/bks/B10-06575.pdf
905 _a18
942 _2ddc
_cBK
_e21
_n0
999 _c62471
_d62471